Liste des noms de Pokémon contenant un caractère spécial - Statistiques

Statistiques générales
  • Ce quiz a été pris 61 fois
  • Le résultat moyen est 18 sur 31
Statistiques - réponses
Noms de Pokémon % Correct
Porygon2
88%
Porygon-Z
82%
Type:0
82%
Ire-Foudre
67%
Flotte-Mèche
65%
Hurle-Queue
65%
Roue-de-Fer
65%
Chef-de-Fer
63%
Épine-de-Fer
63%
Feu-Perçant
63%
Fongus-Furie
63%
Fort-Ivoire
63%
Hotte-de-Fer
63%
Mite-de-Fer
63%
Paume-de-Fer
63%
Pelage-Sablé
63%
Têtes-de-Fer
63%
Rampe-Ailes
61%
Garde-de-Fer
61%
Rugit-Lune
61%
Serpente-Eau
59%
Vert-de-Fer
59%
Roc-de-Fer
55%
Ama-Ama
49%
M. Mime
45%
M. Glaquette
43%
Mime Jr.
43%
Ho-Oh
33%
Tag-Tag
33%
Nidoran♀
22%
Nidoran♂
22%
Aucun quiz correspondant
Distribution des résultats
% des personnes avec chaque résultat
Percentile par nombre de réponses
Votre historique - résultats
Vous n’avez pas pris ce quiz